Microsoft Excel 5 for Windows step by step / (Record no. 68454)

000 -LEADER
fixed length control field 01316cam a2200349 a 4500
001 - CONTROL NUMBER
control field 1579119
003 - CONTROL NUMBER IDENTIFIER
control field NUST - PNEC
005 - DATE AND TIME OF LATEST TRANSACTION
control field 20170116181053.0
008 - FIXED-LENGTH DATA ELEMENTS--GENERAL INFORMATION
fixed length control field 931018s1994 waua 001 0 eng
010 ## - LIBRARY OF CONGRESS CONTROL NUMBER
LC control number 93023634
020 ## - INTERNATIONAL STANDARD BOOK NUMBER
International Standard Book Number 1556155875
040 ## - CATALOGING SOURCE
Original cataloging agency DLC
Transcribing agency LIBRARY
Modifying agency DLC
050 00 - LIBRARY OF CONGRESS CALL NUMBER
Classification number HF5548.4.M523
Item number M515 1994
082 00 - DEWEY DECIMAL CLASSIFICATION NUMBER
Classification number 650.02855369 MIC
100 ## - MAIN ENTRY--PERSONAL NAME
9 (RLIN) 11951
Personal name Microsoft
245 00 - TITLE STATEMENT
Title Microsoft Excel 5 for Windows step by step /
Statement of responsibility, etc. Catapult.
260 ## - PUBLICATION, DISTRIBUTION, ETC.
Place of publication, distribution, etc. Redmond, Wash. :
Name of publisher, distributor, etc. Microsoft Press,
Date of publication, distribution, etc. c1994.
300 ## - PHYSICAL DESCRIPTION
Extent xxxii, 330 p. :
Other physical details ill. ;
Dimensions 24 cm.
490 1# - SERIES STATEMENT
Series statement Step by step
500 ## - GENERAL NOTE
General note Includes index.
538 ## - SYSTEM DETAILS NOTE
System details note System requirements for accompanying computer disk (PC; DOS; Microsoft Windows 3.1 or later)
630 00 - SUBJECT ADDED ENTRY--UNIFORM TITLE
Uniform title Microsoft Excel (Computer file)
650 #0 - SUBJECT ADDED ENTRY--TOPICAL TERM
Topical term or geographic name entry element Business
General subdivision Computer programs.
-- MIS
650 #0 - SUBJECT ADDED ENTRY--TOPICAL TERM
Topical term or geographic name entry element Electronic spreadsheets.
650 #0 - SUBJECT ADDED ENTRY--TOPICAL TERM
Topical term or geographic name entry element Windows (Computer programs)
710 2# - ADDED ENTRY--CORPORATE NAME
Corporate name or jurisdiction name as entry element Catapult, Inc.
740 0# - ADDED ENTRY--UNCONTROLLED RELATED/ANALYTICAL TITLE
Uncontrolled related/analytical title Microsoft Excel Five for Windows, step by step.
830 #0 - SERIES ADDED ENTRY--UNIFORM TITLE
Uniform title Step by step (Redmond, Wash.)
906 ## - LOCAL DATA ELEMENT F, LDF (RLIN)
a 7
b cbc
c orignew
d 1
e ocip
f 19
g y-gencatlg
942 ## - ADDED ENTRY ELEMENTS (KOHA)
Source of classification or shelving scheme
Koha item type Book
Holdings
Withdrawn status Lost status Source of classification or shelving scheme Damaged status Not for loan Permanent Location Current Location Shelving location Date acquired Total Checkouts Full call number Barcode Date last seen Price effective from Koha item type
          Pakistan Navy Engineering College (PNEC) Pakistan Navy Engineering College (PNEC)       650.02855369 MIC PNECLIB-018498 09/30/2015   Book
© 2023 Central Library, National University of Sciences and Technology. All Rights Reserved.